000 00853nas a2200277 4500
001 BR9213210
003 BR-BrBNA
005 20231205095236.0
007 ta
008 230509b bl.|||p| |||| 00| 00por d
040 _aBR-BrBNA
_bpor
_cBiblioteca Nacional de Agricultura
041 _a(Pt)
072 _aQ03
100 1 _aFonseca, H.
100 1 _aValarini, I.
100 1 _aDomingues, M.A.C.
100 1 _aWettstein, A.S.R.
100 1 _aSilva, A.E.G.
245 1 _aOcorrencia de aflatoxina em amendoim, no estado de Sao Paulo, durante os anos de 1988 e 1989
650 _aAmendoim
650 _aAflatoxina
650 _aSao Paulo
773 0 _tAnais da Escola Superior de Agricultura Luiz de Queiroz (Brazil)
_xISSN 0071-1276
_g(1991), v. 48 p. 301-316
_wBR9213210
909 _a202311
_bLúcia
_c55
_dLúcia Elande
942 _2AGRIS
_n0
_cANA
999 _c149552
_d149552